[Event "George Trundle NZ Masters 2017"]
[Site "Auckland, NZL"]
[Date "2017.10.01"]
[Round "2.1"]
[White "Hague, Ben"]
[Black "Smith, Robert W"]
[Result "1-0"]
[BlackElo "2230"]
[WhiteElo "2365"]
[LiveChessVersion "1.4.8"]

1. e4 {[%clk 1:30:57]} c5 {[%clk 1:30:56]} 2. Nf3 {[%clk 1:31:23]} e6
{[%clk 1:31:12]} 3. d4 {[%clk 1:31:48]} cxd4 {[%clk 1:31:39]} 4. Nxd4
{[%clk 1:32:13]} Nc6 {[%clk 1:32:05]} 5. Nc3 {[%clk 1:32:19]} a6 {[%clk 1:32:21]}
6. Be3 {[%clk 1:32:12]} Nf6 {[%clk 1:28:24]} 7. Nxc6 {[%clk 1:27:40]} bxc6
{[%clk 1:28:53]} 8. e5 {[%clk 1:23:27]} Nd5 {[%clk 1:29:17]} 9. Nxd5
{[%clk 1:23:04]} cxd5 {[%clk 1:28:57]} 10. Bd3 {[%clk 1:22:21]} Qc7
{[%clk 1:23:30]} 11. Bd4 {[%clk 1:18:23]} Bc5 {[%clk 1:16:26]} 12. Bxc5
{[%clk 1:10:38]} Qxc5 {[%clk 1:16:51]} 13. O-O {[%clk 1:10:55]} a5
{[%clk 1:04:40]} 14. Qg4 {[%clk 1:00:07]} O-O {[%clk 0:56:00]} 15. Qh4
{[%clk 0:52:02]} h6 {[%clk 0:54:24]} 16. Rae1 {[%clk 0:44:38]} Ba6
{[%clk 0:51:09]} 17. Re3 {[%clk 0:39:02]} Bxd3 {[%clk 0:50:56]} 18. cxd3
{[%clk 0:39:27]} d4 {[%clk 0:41:44]} 19. Rg3 {[%clk 0:37:09]} Kh8
{[%clk 0:36:31]} 20. Re1 {[%clk 0:35:41]} Rab8 {[%clk 0:34:23]} 21. Qg4
{[%clk 0:26:53]} Rg8 {[%clk 0:34:35]} 22. Qe2 {[%clk 0:26:56]} Rbc8
{[%clk 0:27:53]} 23. h3 {[%clk 0:23:20]} d6 {[%clk 0:22:02]} 24. exd6
{[%clk 0:21:56]} Qxd6 {[%clk 0:22:25]} 25. Qh5 {[%clk 0:20:46]} Qb4
{[%clk 0:15:24]} 26. Re2 {[%clk 0:19:20]} Rc7 {[%clk 0:13:58]} 27. Kh2
{[%clk 0:17:19]} a4 {[%clk 0:13:27]} 28. Qe5 {[%clk 0:16:02]} Qc5
{[%clk 0:12:27]} 29. Qf4 {[%clk 0:15:34]} Rd7 {[%clk 0:11:34]} 30. Re4
{[%clk 0:14:23]} Qd6 {[%clk 0:10:21]} 31. Qd2 {[%clk 0:14:11]} f5
{[%clk 0:07:18]} 32. Rh4 {[%clk 0:12:31]} e5 {[%clk 0:07:44]} 33. Qd1
{[%clk 0:12:26]} g5 {[%clk 0:03:35]} 34. Rh5 {[%clk 0:12:26]} f4 {[%clk 0:02:53]}
35. Rg4 {[%clk 0:11:43]} Qg6 {[%clk 0:03:07]} 36. Rgxg5 {[%clk 0:11:56]} Qxg5
{[%clk 0:03:27]} 37. Rxg5 {[%clk 0:12:21]} Rxg5 {[%clk 0:03:54]} 38. Qxa4
{[%clk 0:12:00]} Rdg7 {[%clk 0:04:21]} 39. Qa8+ {[%clk 0:11:55]} Rg8
{[%clk 0:04:39]} 40. Qe4 {[%clk 0:41:58]} 1-0

[Event "George Trundle Masters 2017"]
[Site "Auckland NZL"]
[Date "2017.10.01" ]
[Round "2.2"]
[White "Ang, Alphaeus Wei Ern"]
[WhiteFideId "4303636"]
[Black "Gong, Daniel Hanwen"]
[WhiteFideId "4303962"]
[Result "1-0"]
[WhiteElo "2228"]
[BlackElo "2252"]
[LiveChessVersion "1.4.8"]
[PlyCount "93"]

1. d4 Nf6 2. c4 g6 3. Nc3 Bg7 4. e4 d6 5. Be2 O-O 6. Be3 e5 7. d5 Ne8 8. g4 f5
9. gxf5 gxf5 10. exf5 Bxf5 11. Nf3 Nf6 12. Rg1 Kh8 13. Ng5 Qe7 14. Qd2 Nbd7 15.
O-O-O a5 16. Rg3 a4 17. Rdg1 Rg8 18. Rf3 Bg6 19. Ne6 Nc5 20. Bxc5 dxc5 21. Rxg6
hxg6 22. Rh3+ Nh7 23. Ne4 $2 {Didnt see that the knight on e6 could move to g5}
Bf6 24. Qh6 Raf8 25. Nxf8 Rxf8 26. Qxg6 Bh4 27. Bg4 Rg8 28. Qh5 Bg5+ 29. Kc2
Rg7 30. Bf5 Bf4 31. Bg6 Kg8 32. Bxh7+ Rxh7 33. Nf6+ $4 {There was a much
faster checkmate with Qg6+ according to the engine} Qxf6 34. Qxh7+ Kf8 35. Qh8+
Qxh8 36. Rxh8+ Kg7 37. Rc8 e4 38. h3 Kg6 39. Ra8 Kg5 40. Rxa4 Kh4 41. Ra8 Kxh3
42. Re8 Kg2 43. Rxe4 Bd6 44. Re6 Kxf2 45. Rxd6 cxd6 46. b4 cxb4 47. c5 dxc5 48. d6 1-0

[Event "George Trundle NZ Masters 2017"]
[Site "Auckland, NZL"]
[Date "2017.10.01"]
[Round "2.3"]
[White "Chan, Peng Kong"]
[Black "Lukey, Stephen G"]
[Result "1/2-1/2"]
[BlackElo "2188"]
[WhiteElo "2170"]
[LiveChessVersion "1.4.8"]

1. d4 {[%clk 1:30:54]} Nf6 {[%clk 1:30:57]} 2. c4 {[%clk 1:31:10]} g6
{[%clk 1:31:24]} 3. Nf3 {[%clk 1:30:35]} Bg7 {[%clk 1:31:47]} 4. Nc3
{[%clk 1:31:02]} O-O {[%clk 1:31:52]} 5. e4 {[%clk 1:31:04]} d6 {[%clk 1:32:15]}
6. Be2 {[%clk 1:31:28]} c5 {[%clk 1:32:21]} 7. d5 {[%clk 1:27:42]} e6
{[%clk 1:32:46]} 8. O-O {[%clk 1:27:54]} exd5 {[%clk 1:33:12]} 9. exd5
{[%clk 1:24:40]} Bf5 {[%clk 1:27:22]} 10. Bd3 {[%clk 1:15:55]} Bxd3
{[%clk 1:20:33]} 11. Qxd3 {[%clk 1:16:21]} Re8 {[%clk 1:18:38]} 12. Bf4
{[%clk 1:13:18]} Nh5 {[%clk 1:18:31]} 1/2-1/2

[Event "George Trundle NZ Masters 2017"]
[Site "Auckland, NZL"]
[Date "2017.10.01"]
[Round "2.4"]
[White "Croad, Nicholas"]
[Black "Van Riemsdijk, Herman C."]
[Result "1-0"]
[BlackElo "2306"]
[WhiteElo "2247"]
[LiveChessVersion "1.4.8"]

1. d4 {[%clk 1:28:38]} Nf6 {[%clk 1:30:47]} 2. c4 {[%clk 1:29:02]} e6
{[%clk 1:31:05]} 3. Nf3 {[%clk 1:29:25]} d5 {[%clk 1:31:25]} 4. Nc3
{[%clk 1:29:46]} Bb4 {[%clk 1:31:42]} 5. cxd5 {[%clk 1:30:09]} exd5
{[%clk 1:29:17]} 6. Bg5 {[%clk 1:30:32]} O-O {[%clk 1:26:38]} 7. a3
{[%clk 1:24:23]} Bxc3+ {[%clk 1:26:18]} 8. bxc3 {[%clk 1:24:48]} c5
{[%clk 1:26:10]} 9. e3 {[%clk 1:21:40]} Nbd7 {[%clk 1:22:24]} 10. Nd2
{[%clk 1:02:31]} Qa5 {[%clk 1:17:26]} 11. Qc2 {[%clk 0:48:13]} Re8
{[%clk 0:59:22]} 12. Bd3 {[%clk 0:43:14]} Ne4 {[%clk 0:54:49]} 13. Bxe4
{[%clk 0:39:30]} dxe4 {[%clk 0:55:10]} 14. Bh4 {[%clk 0:38:32]} Qa6
{[%clk 0:53:28]} 15. Rc1 {[%clk 0:31:31]} Nf8 {[%clk 0:50:52]} 16. d5
{[%clk 0:28:15]} c4 {[%clk 0:47:35]} 17. O-O {[%clk 0:26:47]} Qd6
{[%clk 0:46:24]} 18. Qa4 {[%clk 0:24:25]} Bf5 {[%clk 0:27:15]} 19. Qxc4
{[%clk 0:23:45]} Nd7 {[%clk 0:24:54]} 20. Qd4 {[%clk 0:22:38]} b5
{[%clk 0:22:30]} 21. c4 {[%clk 0:19:44]} Rac8 {[%clk 0:16:46]} 22. cxb5
{[%clk 0:19:42]} Nb6 {[%clk 0:16:53]} 23. Rc6 {[%clk 0:13:46]} Qxd5
{[%clk 0:16:42]} 24. Qxd5 {[%clk 0:13:49]} Nxd5 {[%clk 0:17:01]} 25. Nc4
{[%clk 0:13:54]} Bd7 {[%clk 0:16:59]} 26. Rxc8 {[%clk 0:13:53]} Rxc8
{[%clk 0:17:15]} 27. Nd6 {[%clk 0:13:53]} Rb8 {[%clk 0:16:46]} 28. a4
{[%clk 0:12:59]} Nc3 {[%clk 0:16:20]} 29. Ra1 {[%clk 0:13:00]} Rb6
{[%clk 0:16:29]} 30. Nc4 {[%clk 0:13:12]} Rb7 {[%clk 0:13:17]} 31. Bg3
{[%clk 0:11:36]} Be6 {[%clk 0:13:11]} 32. Na5 {[%clk 0:11:14]} Rd7
{[%clk 0:13:15]} 33. h4 {[%clk 0:11:29]} f6 {[%clk 0:11:33]} 34. Bb8
{[%clk 0:10:25]} Bd5 {[%clk 0:07:36]} 35. Kh2 {[%clk 0:07:17]} Kf7
{[%clk 0:07:43]} 36. Nc6 {[%clk 0:06:23]} a6 {[%clk 0:07:52]} 37. bxa6
{[%clk 0:05:26]} Bxc6 {[%clk 0:08:09]} 38. Rc1 {[%clk 0:05:38]} Rd3
{[%clk 0:08:17]} 39. Bc7 {[%clk 0:05:48]} Bxa4 {[%clk 0:05:53]} 40. a7
{[%clk 0:35:51]} Bc6 {[%clk 0:36:18]} 41. Ba5 {[%clk 0:36:16]} Rd7
{[%clk 0:36:27]} 42. Rxc3 {[%clk 0:35:59]} Rxa7 {[%clk 0:36:22]} 43. Bb6
{[%clk 0:36:23]} Ra2 {[%clk 0:36:17]} 44. Rxc6 {[%clk 0:36:45]} Rxf2
{[%clk 0:36:40]} 45. h5 {[%clk 0:34:04]} h6 {[%clk 0:36:35]} 46. Rc7+
{[%clk 0:34:13]} Kg8 {[%clk 0:36:58]} 47. Re7 {[%clk 0:31:35]} Rf5
{[%clk 0:36:40]} 48. g4 {[%clk 0:30:26]} Rb5 {[%clk 0:36:35]} 49. Bd4
{[%clk 0:30:31]} Rg5 {[%clk 0:36:43]} 50. Kg3 {[%clk 0:28:59]} 1-0

[Event "George Trundle NZ Masters 2017"]
[Site "Auckland, NZL"]
[Date "2017.10.01"]
[Round "2.5"]
[White "Johansen, Darryl K"]
[Black "Reilly, Tim"]
[Result "1/2-1/2"]
[BlackElo "2153"]
[WhiteElo "2380"]
[LiveChessVersion "1.4.8"]

1. Nf3 {[%clk 1:30:44]} g6 {[%clk 1:30:49]} 2. g3 {[%clk 1:29:38]} Bg7
{[%clk 1:31:04]} 3. d4 {[%clk 1:29:44]} Nf6 {[%clk 1:29:31]} 4. c4
{[%clk 1:29:46]} O-O {[%clk 1:29:53]} 5. Bg2 {[%clk 1:30:09]} d6 {[%clk 1:30:18]}
6. O-O {[%clk 1:30:01]} Nc6 {[%clk 1:30:32]} 7. Nc3 {[%clk 1:29:55]} a6
{[%clk 1:30:24]} 8. d5 {[%clk 1:27:19]} Na5 {[%clk 1:30:42]} 9. Nd2
{[%clk 1:27:40]} c5 {[%clk 1:31:04]} 10. Rb1 {[%clk 1:27:57]} Rb8
{[%clk 1:29:03]} 11. b3 {[%clk 1:25:50]} b5 {[%clk 1:29:07]} 12. Qc2
{[%clk 1:26:12]} e5 {[%clk 1:28:26]} 13. e4 {[%clk 1:18:17]} Bd7 {[%clk 1:25:40]}
14. a3 {[%clk 1:01:40]} Ng4 {[%clk 1:15:31]} 15. cxb5 {[%clk 0:59:27]} axb5
{[%clk 1:15:20]} 16. b4 {[%clk 0:59:49]} Nb7 {[%clk 1:10:07]} 17. h3
{[%clk 0:51:37]} Nh6 {[%clk 1:09:57]} 18. Qd3 {[%clk 0:51:48]} Qc8
{[%clk 1:03:14]} 19. Kh2 {[%clk 0:49:36]} f5 {[%clk 1:03:09]} 20. Nf3
{[%clk 0:38:20]} c4 {[%clk 0:58:33]} 21. Qd1 {[%clk 0:30:49]} Nf7
{[%clk 0:50:49]} 22. Qc2 {[%clk 0:29:04]} Ra8 {[%clk 0:50:12]} 23. Bb2
{[%clk 0:26:50]} f4 {[%clk 0:42:34]} 24. Ra1 {[%clk 0:26:05]} 1/2-1/2